000 00339nam a2200133Ia 4500
008 190723s9999 xx 000 0 und d
020 _a978-81-317-1837-7
100 _aAnany Levithin
245 0 _aIntroduction to Design and Analysis of Algorithms
250 _a2nd
260 _aChennai
_bPearson
_c2008
300 _a524.:p
942 _cBK
999 _c1704
_d1704